000 00348pam a2200157a 44500
008 230515b1997 xxu||||| |||| 00| 0 eng d
020 _a0
041 _aENGLISH
082 _a618.2 DUT
100 _aDUTTA D.C.
245 _aTEXT BOOK OF OBSTETRICS
250 _aN.D.
260 _aCALCATTA
_bN.D.
_c1997
300 _a0
650 _aOBSTETRICS
999 _c490609
_d490609